| 000 | 01093naa a22003257a 4500 | ||
|---|---|---|---|
| 001 | BR7807993 | ||
| 003 | BR-BrBNA | ||
| 005 | 20240918174302.0 | ||
| 007 | ta | ||
| 008 | 230509b bl.||||| |||| 00| 0 por d | ||
| 040 |
_aBR-BrBNA _bpor _cBiblioteca Nacional de Agricultura |
||
| 041 | _a(Pt) | ||
| 072 |
_aE10; E70 _b/G514 |
||
| 090 | _aE10 BR7807993 | ||
| 100 | 1 | _aMunhoz, D.G. | |
| 111 | 1 |
_a6. Encontro Nacional de Economia _cGramado, RS (Brazil) _d5-8 Dec 1978 |
|
| 245 | 1 | _aInflacao - impulsos de custos reversiveis e nao reversiveis e a taxa de inflacao de equilibrio [Brasil] | |
| 260 | 3 |
_aSao Paulo, SP (Brasil): _c1978. |
|
| 500 | _a6. Encontro Nacional de Economia Sao Paulo, SP (Brasil): 1978. p. 291-345 (BR7807993-AM)E10 | ||
| 650 | _aPOLITICA ECONOMICA | ||
| 650 | _aINFLACAO | ||
| 650 | _aEXPORTACAO | ||
| 650 | _aPRECO | ||
| 650 | _aMERCADO | ||
| 650 | _aOFERTA | ||
| 650 | _aDEMANDA | ||
| 773 | 0 |
_t6. Encontro Nacional de Economia _b _wE10 BR7807993 _gSao Paulo, SP (Brasil), 1978. p. 291-345 |
|
| 909 |
_a202404 _bLucia _c55 _dLucia Elande |
||
| 942 |
_cAM _2AGRIS |
||
| 999 |
_c310125 _d310125 |
||